000 00447nam a22001697a 4500
003 OSt
005 20151028170813.0
008 130625t xxu||||| |||| 00| 0 eng d
050 _aPN 1995.9
_b.N532
082 _aIB 778.58
_bN42
245 _aNew york film academy :
_bschool of film & acting /
260 _aNew York :
_bNew York Film Academy,
300 _a289 p. :
_bill. col. ;
_c28 cm.
562 _e1
942 _2lcc
_cBK
999 _c3078
_d3078